Το πλοίο του Σουλεϋμάν
Αποθηκεύτηκε σε:
| Κύριος συγγραφέας: | |
|---|---|
| Άλλοι συγγραφείς: | |
| Μορφή: | Βιβλίο |
| Γλώσσα: | Greek English |
| Δημοσίευση: |
Αθήνα :
Στοχαστής,
1993.
|
| Σειρά: | Ταξίδια - Ανακαλύψεις (Στοχαστής)
|
| Θέματα: | |
| Ετικέτες: |
Προσθήκη ετικέτας
Δεν υπάρχουν, Καταχωρήστε ετικέτα πρώτοι!
|
MARC
| LEADER | 00000cam a2200000 i 4500 | ||
|---|---|---|---|
| 001 | 1/67904 | ||
| 008 | 931116s1993 gr | ||| |||| ||gre|| | ||
| 020 | |a 960303018X | ||
| 035 | |a ΛΕΣΒΟΣb10001978 |l 10001978 | ||
| 040 | |a GR-MyUA |b gre |e AACR2 | ||
| 041 | 1 | 1 | |a gre |h eng |
| 082 | 7 | |a 913.04 |2 (22) | |
| 100 | 1 | |a Ibrahim, Ibn Muhammad. | |
| 245 | 1 | 3 | |a Το πλοίο του Σουλεϋμάν / |c Ίμπν Μουχάμαντ Ιμπραήμ ; εισαγωγή, μετάφραση, σχόλια: Κοσμάς Μεγαλλομάτης. |
| 260 | |a Αθήνα : |b Στοχαστής, |c 1993. | ||
| 300 | |a 367 σ. : |b εικ. ; |c 21 εκ. | ||
| 490 | 1 | |a (Ταξίδια - Ανακαλύψεις / Στοχαστής) | |
| 500 | |a Τίτλος πρωτοτύπου: The Ship of Sulaim & UBan. | ||
| 650 | 0 | 0 | |a Discoveries in geography. |
| 651 | 0 | |a Iran |x Description and travel. | |
| 651 | 0 | |a Iran |x History |y 16th-18th centuries. | |
| 700 | 1 | |a Μεγαλομμάτης, Κοσμάς, |e trl | |
| 830 | 0 | |a Ταξίδια - Ανακαλύψεις (Στοχαστής) | |
| 852 | |a INST |b LESVOS |e 19931116 |h 913.04 IBR |p 005100005328 |q 005100005328 |t BK |y 0 | ||
| 909 | |a Λ |b 031505 | ||